000 00187 a2200097 4500
020 _a9780439239233
041 _aeng
100 _aClearly, Beverly
245 _aOtis Spofford
942 _cBK
999 _c31399
_d31397